00611nam a2200169Ia 4500008004100000020001500041041001200056082001600068100001600084245009400100260003000194300000800224650002100232942000700253999001500260952016600275221030s9999 xx 000 0 und d a8172244398 aEnglish a105.23bRee aW. D. Reeve 0aSubscriber Loop Signaling & Transmission Handbook Analog ( DEPARTMENTAL )cby W. D. Reeve bJaico Pub.aMumbaic1995 a289 aECE Departmental cBK c4761d4761 pBE 907g575.00l0o105.23 Reer2022-10-30 00:00:00w2022-10-30yBK003Print4071aMIETLIBbMIETLIBcBL-Departmental, FL-1, CUP-23, SH-2, R-2d2000-02-0210HBE